| 000 | 00864cam a2200253 a 4500 | ||
|---|---|---|---|
| 999 |
_c935 _d935 |
||
| 001 | .b1911400x | ||
| 003 | OCoLC | ||
| 005 | 20191227100308.0 | ||
| 008 | 930601t19941984nyuab j 000 1 eng | ||
| 010 | _a93014302 | ||
| 020 | _a9780060234935 | ||
| 040 |
_aDLC _cDLC _dJBW |
||
| 042 | _alcac | ||
| 082 | _aFIC LEW | ||
| 100 | 1 |
_aLewis, C. S. _q(Clive Staples), _d1898-1963. _eauthor |
|
| 245 | 1 | 4 |
_aThe last battle / _cC.S. Lewis ; illustrated by Pauline Baynes. |
| 260 |
_aNew York : _bHarperCollins, _c[1994], c1984. |
||
| 300 |
_a211 p. : _bill., map ; _c24 cm. |
||
| 440 |
_aThe Chronicles of Narnia ; _nbk. 7. |
||
| 520 | _aWhen evil comes to Narnia, Jill and Eustace help fight the great last battle and Aslan leads his people to a glorious new paradise. | ||
| 650 | 0 |
_aFantasy literature _vJuvenile. |
|
| 700 | 1 |
_aBaynes, Pauline, _eill. |
|
| 942 |
_2ddc _cFIC |
||